[Event "Johor op-A 7th"]
[Site "Johor"]
[Date "2022.12.30"]
[Round "8"]
[White "Saw, Lye Guan"]
[Black "Lau, Sau Ching"]
[Result "0-1"]
[WhiteElo "1451"]
[BlackElo "1637"]
[PlyCount "108"]
[EventDate "2022.12.26"]
[EventType "swiss"]
[EventRounds "9"]
[EventCountry "MAS"]
[SourceTitle "CBM 212 Extra"]
[Source "ChessBase"]
[SourceDate "2023.03.31"]
[SourceVersion "1"]
[SourceVersionDate "2023.03.31"]
[SourceQuality "1"]

1. e4 e6 2. d4 d5 3. Nc3 Nf6 4. Bg5 Be7 5. e5 Nfd7 6. Bxe7 Qxe7 7. Qg4 g6 8. Nf3 Nc6 9. 0-0-0 Nb6 10. Qg5 Bd7 11. Qf6 Qxf6 12. exf6 0-0-0 13. Ne5 Nxe5 14. dxe5 c5 15. b3 a6 16. f4 Bc6 17. Rd2 d4 18. Nb1 Nd5 19. Rf2 b5 20. Rg1 h5 21. g3 Kc7 22. Bg2 Ne3 23. Bxc6 Kxc6 24. Nd2 Kd5 25. Nf1 Nxf1 26. Rgxf1 c4 27. Kd2 Kc5 28. Rf3 Ra8 29. Rb1 Rhb8 30. h3 Kd5 31. g4 c3+ 32. Kd3 hxg4 33. hxg4 Rh8 34. Rbf1 Rh2 35. R1f2 Rah8 36. Ke2 Rxf2+ 37. Rxf2 Ke4 38. f5 gxf5 39. g5 Kxe5 40. Rg2 f4 41. Kf3 Kf5 42. Ke2 Rg8 43. Kd3 e5 44. a4 Rxg5 45. Rh2 Rg3+ 46. Ke2 f3+ 47. Kf1 Rg2 48. Rh8 Rxc2 49. axb5 axb5 50. Rb8 Kf4 51. Rxb5 Kg3 52. Rxe5 Rc1+ 53. Re1 Rxe1+ 54. Kxe1 Kg2 0-1

[Event "Penang op 7th"]
[Site "Penang"]
[Date "2015.12.11"]
[Round "7"]
[White "Saw, Lye Guan"]
[Black "Nisban, Cyrus"]
[Result "0-1"]
[WhiteElo "1543"]
[BlackElo "1855"]
[PlyCount "80"]
[EventDate "2015.12.07"]
[EventType "swiss"]
[EventRounds "9"]
[EventCountry "MAS"]
[SourceTitle "CBM 169 Extra"]
[Source "ChessBase"]
[SourceDate "2015.12.18"]
[SourceVersion "1"]
[SourceVersionDate "2015.12.18"]
[SourceQuality "1"]

1. Nf3 Nf6 2. g3 g6 3. Bg2 Bg7 4. 0-0 0-0 5. d3 d6 6. e4 e5 7. Nbd2 Nbd7 8. a4 c6 9. Nc4 Qc7 10. c3 h6 11. Be3 Ne8 12. Qd2 Kh7 13. h4 Nb6 14. Nxb6 axb6 15. Nh2 f5 16. f4 Be6 17. fxe5 dxe5 18. exf5 gxf5 19. Bh3 Rd8 20. Qf2 Rxd3 21. Bxb6 Qd7 22. Rae1 Rd2 23. Re2 Rxe2 24. Qxe2 Qf7 25. Nf3 Bc4 26. Bxf5+ Qxf5 27. Qxc4 Nd6 28. Qe2 Qg6 29. Kh2 e4 30. Nd4 Rxf1 31. Qxf1 Be5 32. Qf2 Nc4 33. Bc5 e3 34. Qf3 Nd2 35. Qg2 Bxg3+ 36. Kh3 Ne4 37. Qc2 Bf2 38. Bd6 Nxd6 39. Qxg6+ Kxg6 40. Kg4 c5 0-1

[Event "Penang op 7th"]
[Site "Penang"]
[Date "2015.12.08"]
[Round "3"]
[White "Saw, Lye Guan"]
[Black "Kong Jian Yuan, Stephen"]
[Result "0-1"]
[WhiteElo "1543"]
[BlackElo "1739"]
[PlyCount "88"]
[EventDate "2015.12.07"]
[EventType "swiss"]
[EventRounds "9"]
[EventCountry "MAS"]
[SourceTitle "CBM 169 Extra"]
[Source "ChessBase"]
[SourceDate "2015.12.18"]
[SourceVersion "1"]
[SourceVersionDate "2015.12.18"]
[SourceQuality "1"]

1. Nf3 g6 2. g3 Bg7 3. Bg2 c5 4. 0-0 Nc6 5. d3 b6 6. e4 d6 7. Nbd2 Bb7 8. a4 Qd7 9. Nc4 Qc7 10. c3 a6 11. Bf4 b5 12. Ncd2 e5 13. Be3 Nge7 14. Qb3 0-0 15. axb5 axb5 16. Qxb5 Rfb8 17. Qb3 Bc8 18. Qc2 h6 19. Nc4 Be6 20. Qd2 Kh7 21. h3 Na5 22. Nxa5 Rxa5 23. Nh2 Rba8 24. Rxa5 Rxa5 25. f4 Qc8 26. g4 exf4 27. Bxf4 d5 28. exd5 Nxd5 29. Bxd5 Bxd5 30. c4 Bd4+ 31. Be3 Bxe3+ 32. Qxe3 Be6 33. Nf3 Ra7 34. Rf2 Qc7 35. Qe5 Ra1+ 36. Kg2 Qc6 37. Kg3 Ra7 38. h4 Rd7 39. Rd2 Qb6 40. Ng5+ hxg5 41. hxg5 f6 42. Qxf6 Qd6+ 43. Kf3 Rf7 44. Rh2+ Qxh2 0-1